| 000 | 00620nam a22001937a 4500 | ||
|---|---|---|---|
| 005 | 20100812120628.0 | ||
| 010 | _aENG-99812 | ||
| 020 |
_a9789350010808 _c75.00 |
||
| 035 | _aEN-83344 | ||
| 037 | _bDBAD/PUB | ||
| 082 | _a371 | ||
| 100 |
_aRamamoorthy, P. _915734 |
||
| 245 |
_aEducational technology / _cby P.Ramamoorthy |
||
| 260 |
_aTamilnadu _bMercury Printers & Publishers _c2008 |
||
| 270 |
_aPerambalur _bTamilnadu _e621212 |
||
| 300 |
_a79p. _c21cm (pbk) |
||
| 942 |
_2ddc _cEN _h371 _mRAM |
||
| 999 |
_c41275 _d41275 |
||